La historia del señor Sommer

שמור ב:
מידע ביבליוגרפי
מחבר ראשי: Süskind, Patrick (Author)
פורמט: ספר
שפה:ספרדית
יצא לאור: Barcelona Seix Barral 1992
מהדורה:1a. ed
סדרה:Biblioteca Breve
נושאים:
תגים: הוספת תג
אין תגיות, היה/י הראשונ/ה לתייג את הרשומה!

MARC

LEADER 00000cam a2200000 a 4500
001 UCE8724
003 CL-VaPUC
008 150827e19920000sp |||||||||||||||||spa|d
020 |a 843220658X 
082 0 4 |a 833  |b SUS  |2 21 
100 0 |a Süskind, Patrick  |e author  |9 581440 
245 1 3 |a La historia del señor Sommer 
250 |a 1a. ed 
300 |a 133 p 
942 |c BK 
945 |d 20150827 16:13:00  |a gsalatino 
260 |a Barcelona  |b Seix Barral  |c 1992 
650 0 |a Novelas alemanas   |9 265783 
583 |a last modification  |c 20150827 16:13:00  |k Rodrigo Vera 
490 0 |a Biblioteca Breve 
999 |c 360503  |d 360501 
952 |0 0  |1 0  |3 erd  |4 0  |6 833_000000000000000_SUS_1992  |7 0  |8 A  |9 470339  |a BIBEDU  |b BIBEDU  |e Valenzuela Fuenzalida, Alvaro Miguel, 1932-  |i 5203228  |o 833 SUS 1992  |p 5203228  |r 2019-11-23  |w 2019-11-23  |y BK  |z Catalogado en:20150827  |k LIT